Statistics for Towns and cities with unusual names (vol. IV)

Click here to take the quiz!

General Stats

  • This quiz has been taken 13 times
  • The average score is 10 of 20

Answer Stats

HintCountry% Correct
XinjiChina
80%
VrbovecCroatia
70%
Narva-JõesuuEstonia
70%
WonglepongAustralia
60%
PrnjavorBosnia and Herzegovina
60%
A dos CunhadosPortugal
60%
TrashigangBhutan
50%
10th of RamadanEgypt
50%
HellNorway
50%
KissidougouGuinea
40%
Ra's LanufLibya
40%
MadolenihmwMicronesia
40%
Killi-DongNorth Korea
40%
DuqmOman
40%
Umm DamSudan
40%
Eighty EightUSA
40%
More TomorrowBelize
30%
ZüünkharaaMongolia
30%
MpwapwaTanzania
30%
GöroglyTurkmenistan
30%

Score Distribution

Percentile by Number Answered

Percent of People with Each Score

Your Score History

You have not taken this quiz